Caravaggio /
Guardado en:
| Autor Principal: | |
|---|---|
| Formato: | Libro |
| Publicado: |
España :
Sarpe,
1979
|
| Series: | Los genios de la pintura; No. 5
|
| Materias: | |
| Etiquetas: |
Agregar Etiqueta
Sin Etiquetas, Sea el primero en etiquetar este registro!
|
| LEADER | 00537nam a22001935a 4500 | ||
|---|---|---|---|
| 001 | CEM.cems007365 | ||
| 005 | 20070418165327.0 | ||
| 008 | 130507s1979##################000#0#####d | ||
| 003 | CEMS | ||
| 082 | 0 | 4 | |a 759.45 |
| 100 | 1 | |a Fonti, Daniela | |
| 245 | 1 | 0 | |a Caravaggio / |c Daniela Fonti |
| 260 | |a España : |b Sarpe, |c 1979 | ||
| 300 | |a 27 p. | ||
| 490 | 0 | |a Los genios de la pintura; No. 5 | |
| 653 | |a Caravaggio-pinacoteca | ||
| 653 | |a Pintura | ||
| 653 | |a Pintura italiana | ||
| 859 | |a CEMS |b BIB. CEMS - 11 de abril |h 759.45 |i F738 |p 17213.93 |t Ej.1 |v 5 |3 5 | ||
